000 01130nam a22003257a 4500
001 000691
003 DO-SdBPM
005 20260310095704.0
007 ta
008 161114b2003 sp a || 00| 0 spa d
020 _a8420400378
040 _aDO-SdBPM
_bspa
_cBPMSU
_erda
082 0 4 _a863.6
_bV182L 2003
_222
100 1 _aVallejo-Nágera, Alejandra
_d1964-
_eautor
_4aut.
245 1 4 _aLos lagartijos pasan miedo /
_cAlejandra Vallejo-Nágera ; ilustraciones de Cristina Belmonte.
264 _aMadrid :
_bAlfaguara,
_c2003.
300 _a219 páginas :
_bilustraciones ;
_c20 cm.
336 _atexto
_btxt
_2rdacontent
337 _asin mediación
_bn
_2rdamedia
338 _avolumen
_bnc
_2rdacarrier
490 0 _aPróxima parada Alfaguara
500 _aIncluye datos biográficos de la autora
500 _aPara niños a partir de los 10 años.
590 _aInventariado, 2026/VM
650 7 _aCuentos juveniles españoles
650 7 _aLiteratura juvenil española
700 1 _aBelmonte, Cristina,
_d1956-
_eilustración
910 _aVMateo V. Control de calidad. bPMSU
942 _2ddc
_cBK
999 _c11928
_d11928